|
|
|
|
| LEADER |
00000nab a2200000 a 4500 |
| 001 |
vtls000320969 |
| 003 |
SK-MaSNL |
| 005 |
20260303043032.0 |
| 008 |
160202c1988 xo 0 slo |
| 015 |
|
|
|a SNBRB19rr/mm-uuuuu
|
| 035 |
|
|
|a CL0321091
|
| 040 |
|
|
|a SNKBUCL
|b slo
|c SNKBUCL
|e AACR2
|
| 041 |
0 |
|
|a slo
|
| 044 |
|
|
|a xo
|c SK
|
| 080 |
|
|
|a 069.6.02:07
|2 1981
|
| 080 |
|
|
|a 07
|2 1981
|
| 080 |
|
|
|a 069.6.02
|2 1981
|
| 080 |
|
|
|a 929 Fučík, Július
|2 1981
|
| 100 |
1 |
|
|a Hrabica, Zdeněk,
|d 1936-
|4 aut
|9 48373
|
| 245 |
1 |
0 |
|a Novinárovi a spisovateľovi Júliusovi Fučíkovi
|c Zdeněk Hrabica ; Julius Fučík
|
| 600 |
1 |
7 |
|a Fučík, Julius,
|d 1903-1943
|2 snkbucl
|9 106542
|
| 650 |
0 |
7 |
|a Muzeum Juliusa Fučíka, Praha
|2 snkbucl
|9 1029895
|
| 651 |
|
7 |
|a 3100
|2 snkbucl
|9 920766
|
| 655 |
|
7 |
|a články z novín a časopisov
|2 snkbucl
|9 267496
|
| 773 |
0 |
|
|t Život strany
|g Č. 9 (1988), s. 55
|
| 850 |
|
|
|a Slovenská národná knižnica v Martine
|a MTA001
|
| 852 |
|
|
|a SNK
|b KIS3GCP
|
| 958 |
|
|
|a RK
|
| 958 |
|
|
|a CZ
|
| 992 |
|
|
|a RBX
|
| 999 |
|
|
|c 1695098
|d 1697028
|